SZA - LANA Tracklist - Statistics

General Stats
  • This quiz has been taken 139 times
    44 since last reset
  • The average score is 13 of 19
Answer Stats
# Answer % Correct
1 No More Hiding
81%
2 What Do I Do
81%
3 30 For 30
78%
10 Crybaby
75%
4 Diamond Boy (DTM)
75%
13 Drive
75%
6 Scorsese Baby Daddy
75%
5 BMF
72%
11 Kitchen
72%
14 Another Life
69%
8 Chill Baby
66%
9 My Turn
66%
19 PSA
66%
15 Saturn
66%
12 Get Behind Me (Interlude)
63%
7 Love Me 4 Me
63%
18 Open Arms (just SZA)
56%
17 Take You Down
56%
16 Joni
50%
No matching quizzes found
Score Distribution
Percent of People with Each Score
Percentile by Number Answered
Your Score History
You have not taken this quiz since the last reset